| 000 | 00401nam a22001577a 4500 | ||
|---|---|---|---|
| 003 | OSt | ||
| 008 | 240410b |||||||| |||| 00| 0 eng d | ||
| 020 | _a9789389847846 | ||
| 082 | _a005.74 NAD | ||
| 100 | _aNARAYANAN,Vishwanathan | ||
| 245 | _aDat Science and Machine Learning Interview Questions Using R | ||
| 250 | _a1st Ed | ||
| 260 |
_aNew Delhi _bBPB _c2023 |
||
| 300 | _a120 | ||
| 942 |
_2ddc _cBK |
||
| 999 |
_c12435 _d12435 |
||